000 004170000a22001690004500
003 MACL
005 20151217170852.0
008 151217b xxu||||| |||| 00| 0 eng d
040 _aMACL
_cMACL
041 _aEnglish
082 _a030/POO
100 _aPoole, R H
_921022
245 _aNewnes Pictorial Knowledge
_bVol 8
260 _bGeorge Newnes Ltd
650 _aEncyclopaedia
_921023
942 _cBK
_k030/POO
_2ddc
999 _c40436
_d40436